000 01017nam a2200289Ia 4500
001 Para_1124
003 CHAP
008 220125s1996 xx 000 0 und d
010 _a199778
040 _cCHAP
090 _aPA TESIS 1090
100 _aPuc Koh, Jose Felipe de Jesús
_992815
245 _aDescripción histologica de las alteraciones provocadas por Meloidogyne incognita en el tallo y raiz de la jicama (Pachyrrhizus erosus), en Huehuetlan El Chico, Puebla /
_c por Jose Felipe de Jesús Puc Koh
260 _aChapingo, Méx. :
_b El autor
300 _a59 h.
502 _aTesis (Ing. Agr. Esp. en Parasitología Agrícola), UACh. Depto. Parasitología
650 _a2 Meloidogyne incognita
_9164938
650 _aJicama
_961910
710 _aUACh. Departamento Parasitología Agrícola
_9164025
901 _aPA TESIS 1090
902 _aA
905 _a0000001996 a 0000000000 00
910 _a1996
942 _cPARA
942 _cPARA
_d1
999 _c199778
_d199778